Films d'Abdellatif Kechiche par images - Statistiques

Statistiques générales
  • Ce quiz a été pris 182 fois
  • Le résultat moyen est 2 sur 6
Statistiques - réponses
Par images Réponse % Correct
La Vie d'Adèle
99%
Mektoub, My Love: canto uno
45%
La Graine et le Mulet
34%
L'Esquive
27%
Vénus noire
20%
La Faute à Voltaire
18%
Aucun quiz correspondant
Distribution des résultats
% des personnes avec chaque résultat
Percentile par nombre de réponses
Votre historique - résultats
Vous n’avez pas pris ce quiz